000 00842nam a2200241 i 4500
001 124318
003 ES-MaACL
005 20230906192353.0
007 t|
008 070529s1937 cu ||||1| spa d
100 1 _aEntralgo, Elías José.
_947308
245 1 0 _aEnrique José Varona
_b: su vida, su obra y su influencia /
_cpor Elías Entralgo Vallina, Medardo Vitier, Roberto Agramonte.
250 _aEd. oficial.
260 _aLa Habana :
_b[s.n.],
_c1937 (
_fImpr. Cultural)
300 _a284 p. ;
_c21 cm.
490 1 _aObras de Enrique José Varona ;
_v1
600 1 4 _aVarona, Enrique José (
_d1849-1933)
_9153535
700 1 _aVitier, Medardo (
_d1886-1960)
_9115514
700 1 _aAgramonte, Roberto.
_918586
830 0 _aObras de Enrique José Varona ;
_v1
_9186616
852 _aES-MaACL
_jB-13678
999 _c124318
_d124318